Daemon in the sanctuary (Record no. 114473)
[ view plain ]
| 000 -LEADER | |
|---|---|
| fixed length control field | 01284nam a2200325Ia 4500 |
| 082 04 - DEWEY DECIMAL CLASSIFICATION NUMBER | |
| Classification number | 303.6 |
| 100 1# - MAIN ENTRY--AUTHOR NAME | |
| Personal name | Hamblet, Wendy C., |
| 245 10 - TITLE STATEMENT | |
| Title | Daemon in the sanctuary |
| 260 ## - PUBLICATION, DISTRIBUTION, ETC. (IMPRINT) | |
| Place of publication | New York : |
| Name of publisher | Algora Publishing, |
| Year of publication | 2013. |
| 300 ## - PHYSICAL DESCRIPTION | |
| Number of Pages | x, 212 p. |
| 650 #0 - SUBJECT ADDED ENTRY--TOPICAL TERM | |
| Topical Term | Violence |
| Topical Term | Family violence. |
| Topical Term | Violence |
| 856 40 - ELECTRONIC LOCATION AND ACCESS | |
| Uniform Resource Identifier | http://site.ebrary.com/lib/rucke/Doc?id=10750971 |
No items available.
